| 000 | 01658nam a2200337 a 4500 | ||
|---|---|---|---|
| 001 | BRCA_3042 | ||
| 005 | 20190320204100.0 | ||
| 008 | 220109s1773----ne-a---###---#000-0#fre-u | ||
| 041 | _afre | ||
| 044 | _ane | ||
| 084 |
_a350 _b.B377 _c1773 |
||
| 100 | 1 |
_aCervantes Saavedra, Miguel de _d1547-1616 _9213 |
|
| 245 | 1 | 0 |
_aHistoire de L´Admirable Don Quichotte de la Manche _cMiguel de Cervantes Saavedra ; Traduit par Filleau de Saint-Martin. |
| 260 |
_aLa Haya _bBassompierre et Van den Berghen _c1773 |
||
| 300 |
_a6 v. _bil. _c18 cm. |
||
| 500 | _aContenido : v 1. Primera parte. Advertencia del traductor. Dedicatoria al D. Quijote. Texto. -- v 2. Texto. -- v 3. Segunda parte. Texto. -- v 4. Texto. -- v 5. Primera parte de la continuaciòn escrita por el traductor. -- v 6. Segunda parte de la continuaciòn escrita por el traductor | ||
| 500 | _aEdición : Nouvelle edition revueé corrigée et augmentée | ||
| 500 | _aCopia de la edición de 1768 de los mismos libreros, con las mismas làminas algo borrosas Lúdovik Osterc | ||
| 500 | _aEstado físico : El volumen 1 presenta la encuadernación ligeramente desprendida | ||
| 500 | _aCon ex-libris de : Clozier | ||
| 500 | _aQM274 | ||
| 546 | _aTexto en : francés | ||
| 650 | 1 | 4 |
_aNovela española _yÉpoca clásica, 1500-1700 _9215 |
| 650 | 1 | 4 |
_aLiteratura española _yÉpoca clásica, 1500-1700 _9216 |
| 650 | 1 | 4 |
_aNovela española _ySiglo XVII _9217 |
| 650 | 1 | 4 |
_aDon Quijote (Personaje ficticio) _eNovela _9218 |
| 700 | 1 |
_aSaint-Martin, Francois Filleau de _d1632-1695 _eTraductor _98352 |
|
| 740 | 0 | _aEl Ingenioso Hidalgo Don Quijote de la Mancha | |
| 902 | _aQFM | ||
| 942 |
_2lcc _cB |
||
| 999 |
_c2778 _d2778 |
||